Países mais próximo de Dominica - Statistics

Estatísticas Gerais
  • Esse quiz foi jogado 37 vezes
  • A pontuação média é 13 de 20
Estatísticas das Respostas
km país % Correto
277 Barbados
91%
1113 Brasil
91%
804 República Dominicana
91%
500 Venezuela
91%
1114 Colômbia
82%
757 Guiana
82%
1128 Haiti
82%
129 Santa Lúcia
82%
201 São Cristóvão e Nevis
79%
204 São Vicente e Granadinas
79%
1131 Suriname
76%
439 Trinidad e Tobago
76%
154 Antígua e Barbuda
73%
1367 Bahamas
67%
298 Granada
67%
27 França
64%
872 Curaçao
27%
259 Países Baixos
27%
969 Aruba
15%
313 Sint Maarten
3%
Nenhum quiz correspondente encontrado
Distribuição das Pontuações
Porcentagem de Pessoas com Cada Pontuação
Percentil de Números Respondidos
Sua Pontuação Histórica
Você não jogou esse quiz